Khởi nghĩa vũ trang và nghệ thuật khởi nghĩa vũ trang trong Cách mạng Tháng Mười Luận văn tốt nghiệp Đại học Sư phạm ngành Sử Khóa 09

Đã lưu trong:
书目详细资料
主要作者: Trương Phú Sơn
格式: 图书
语言:Undetermined
出版: Cần Thơ Trường Đại học Cần Thơ, Khoa Sư phạm, Bộ môn Sử 1987
主题:
标签: 添加标签
没有标签, 成为第一个标记此记录!
Thư viện lưu trữ: Trung tâm Học liệu Trường Đại học Cần Thơ
LEADER 00779nam a2200193Ia 4500
001 CTU_26699
008 210402s9999 xx 000 0 und d
082 |a 947 
082 |b S464/1987 
100 |a Trương Phú Sơn 
245 0 |a Khởi nghĩa vũ trang và nghệ thuật khởi nghĩa vũ trang trong Cách mạng Tháng Mười 
245 0 |b Luận văn tốt nghiệp Đại học Sư phạm ngành Sử Khóa 09 
245 0 |c Trương Phú Sơn 
260 |a Cần Thơ 
260 |b Trường Đại học Cần Thơ, Khoa Sư phạm, Bộ môn Sử 
260 |c 1987 
650 |a soviet union - history 
904 |i Nguyễn Quang Điền, 981017 
980 |a Trung tâm Học liệu Trường Đại học Cần Thơ